01195nam a2200277 i 4500001000300000100003900003245013900042246004100181260003700222300002600259490004900285500012300334500010400457650002100561700003800582700004100620830003800661020002900699020001500728040000800743041001300751044000800764080000600772008004100778856009800819bg1 aNietzsche, Friedrichd(1844-1900).10aTo rzekł Zaratustra :bksiążka dla wszystkich i dla nikogo /cFriedrich Nietzsche ; przeł. Sława Lisiecka i Zdzisław Jaskuła.1 iTyt. oryg.:aAlso sprach Zarathustra a[s.l.] :bMediasat Group,c2005. a318, [1] s. ;c21 cm.1 aBiblioteka Gazety Wyborczej : XIX wiek ;v19 aTyt. oryg.: "Also sprach Zarathustra : ein Buch für Alle und Keinen". - Przekł. na podst.: Sämtliche Werke, 1980. aWyd. we współpr. merytorycznej z Zakładem Narodowym im. Ossolińskich - Wydawnictwo, Wrocław. 9aFilozofiay19 w.1 aLisiecka, Sławad(1947- ).eTł.1 aJaskuła, Zdzisławd(1951- ).eTł. 0aBiblioteka Gazety Wyborczej ;v19 a8498191645 (całość) a8498191904 cBPK1 apolhger aPOL a1 s pl f |000 0 pol  uhttp://koha.tu.koszalin.pl/cgi-bin/koha/opac-detail.pl?biblionumber=55706yKatalog online BPK